<?xml version="1.0" encoding="UTF-8"?>
<record
    xmlns:xsi="http://www.w3.org/2001/XMLSchema-instance"
    xsi:schemaLocation="http://www.loc.gov/MARC21/slim http://www.loc.gov/standards/marcxml/schema/MARC21slim.xsd"
    xmlns="http://www.loc.gov/MARC21/slim">

  <leader>00271nam a22001097a 4500</leader>
  <datafield tag="999" ind1=" " ind2=" ">
    <subfield code="c">2892</subfield>
    <subfield code="d">2892</subfield>
  </datafield>
  <controlfield tag="008">190404e1997    mx ||||| |||| 00| 0 spa d</controlfield>
  <datafield tag="100" ind1="1" ind2=" ">
    <subfield code="a">Behrman, Richard</subfield>
  </datafield>
  <datafield tag="245" ind1="1" ind2=" ">
    <subfield code="a">Nelson. Tratado de pediatria</subfield>
  </datafield>
  <datafield tag="250" ind1=" " ind2=" ">
    <subfield code="8">15a ed.</subfield>
  </datafield>
  <datafield tag="260" ind1=" " ind2=" ">
    <subfield code="a">Mexico</subfield>
    <subfield code="b">McGraw Hill</subfield>
    <subfield code="c">1997</subfield>
  </datafield>
  <datafield tag="500" ind1=" " ind2=" ">
    <subfield code="3">Baja</subfield>
  </datafield>
  <datafield tag="952" ind1=" " ind2=" ">
    <subfield code="0">0</subfield>
    <subfield code="1">0</subfield>
    <subfield code="2">ddc</subfield>
    <subfield code="4">0</subfield>
    <subfield code="5">1</subfield>
    <subfield code="7">1</subfield>
    <subfield code="9">5476</subfield>
    <subfield code="a">BFM</subfield>
    <subfield code="b">BFM</subfield>
    <subfield code="d">2019-04-04</subfield>
    <subfield code="l">0</subfield>
    <subfield code="p">673</subfield>
    <subfield code="r">2019-04-04</subfield>
    <subfield code="t">Ej.2 Vol.1</subfield>
    <subfield code="w">2019-04-04</subfield>
    <subfield code="y">BK</subfield>
    <subfield code="z">Baja</subfield>
  </datafield>
  <datafield tag="952" ind1=" " ind2=" ">
    <subfield code="0">0</subfield>
    <subfield code="1">0</subfield>
    <subfield code="2">ddc</subfield>
    <subfield code="4">0</subfield>
    <subfield code="5">1</subfield>
    <subfield code="7">1</subfield>
    <subfield code="9">5477</subfield>
    <subfield code="a">BFM</subfield>
    <subfield code="b">BFM</subfield>
    <subfield code="d">2019-04-04</subfield>
    <subfield code="l">0</subfield>
    <subfield code="p">674</subfield>
    <subfield code="r">2019-04-04</subfield>
    <subfield code="t">Ej.2 Vol.2</subfield>
    <subfield code="w">2019-04-04</subfield>
    <subfield code="y">BK</subfield>
    <subfield code="z">Baja</subfield>
  </datafield>
</record>
